[Event "Benidorm op U2000 12th"]
[Site "Benidorm"]
[Date "2013.12.03"]
[Round "6"]
[White "Capote Robayna, Nayeli"]
[Black "Todic, Simo"]
[Result "0-1"]
[WhiteElo "1612"]
[BlackElo "1833"]
[PlyCount "46"]
[EventDate "2013.11.29"]
[EventType "swiss"]
[EventRounds "10"]
[EventCountry "ESP"]
[SourceTitle "CBM 157 Extra"]
[Source "ChessBase"]
[SourceDate "2013.12.19"]
[SourceVersion "1"]
[SourceVersionDate "2013.12.19"]
[SourceQuality "1"]

1. e4 c5 2. Nf3 Nc6 3. c3 d5 4. exd5 Qxd5 5. d4 Bg4 6. Be2 Qh5 7. Be3 e6 8. Na3 Nf6 9. Qb3 Rb8 10. Bf4 e5 11. dxe5 Qf5 12. exf6 Qxf4 13. fxg7 Bxg7 14. 0-0 0-0 15. Kh1 Rfe8 16. Qc4 Re4 17. Qd3 Rd8 18. Qc2 Rde8 19. Rae1 Bxf3 20. gxf3 Rxe2 21. Rxe2 Qxf3+ 22. Kg1 Rxe2 23. Qa4 Re4 0-1

[Event "Cutro op-B 14th"]
[Site "Cutro"]
[Date "2008.05.01"]
[Round "7"]
[White "Paragliola, Gennaro"]
[Black "Todic, Simo"]
[Result "0-1"]
[WhiteElo "1615"]
[BlackElo "1748"]
[PlyCount "102"]
[EventDate "2008.04.25"]
[EventType "swiss"]
[EventRounds "7"]
[EventCountry "ITA"]
[SourceTitle "EXT 2009"]
[Source "ChessBase"]
[SourceDate "2008.11.26"]
[SourceVersion "1"]
[SourceVersionDate "2008.11.26"]
[SourceQuality "1"]

1. d4 d5 2. c4 e6 3. Nc3 Nf6 4. Bg5 Bb4 5. e3 0-0 6. Qc2 c5 7. Nf3 h6 8. h4 Nbd7 9. Be2 Qa5 10. Bxf6 Nxf6 11. 0-0 Bxc3 12. bxc3 Ne4 13. Rfc1 Qd8 14. Bd3 Nd6 15. dxc5 Nxc4 16. Rd1 Qe7 17. Bxc4 dxc4 18. c6 bxc6 19. Rd4 c5 20. Rxc4 Bb7 21. Ne5 Rfd8 22. Rd1 Rxd1+ 23. Qxd1 Rd8 24. Qh5 Rd5 25. Rf4 f6 26. Ng6 Rxh5 27. Nxe7+ Kf7 28. Rg4 g5 29. hxg5 Rxg5 30. Rh4 Rxg2+ 31. Kf1 Kxe7 32. Rxh6 Rg7 33. Rh8 e5 34. Rb8 Bf3 35. Rc8 Ke6 36. Rxc5 Rh7 37. Ke1 Rh1+ 38. Kd2 Rf1 39. Ra5 Rxf2+ 40. Kd3 Be2+ 41. Kd2 Bc4+ 42. Kc1 Rxa2 43. Rc5 Bd3 44. c4 Rc2+ 45. Kd1 Rxc4 46. Ra5 Kf5 47. Rxa7 Ke4 48. Rf7 f5 49. Re7 Ra4 50. Kd2 Ra2+ 51. Kc1 Re2 0-1

[Event "Cutro op-B 10th"]
[Site "Cutro"]
[Date "2004.05.01"]
[Round "7"]
[White "Morelli, Gaetano"]
[Black "Todic, Simo"]
[Result "0-1"]
[WhiteElo "1816"]
[BlackElo "1811"]
[PlyCount "178"]
[EventDate "2004.04.25"]
[EventType "swiss"]
[EventRounds "7"]
[EventCountry "ITA"]
[SourceTitle "EXT 2023"]
[Source "ChessBase"]
[SourceDate "2022.10.05"]
[SourceVersion "1"]
[SourceVersionDate "2022.10.05"]
[SourceQuality "1"]

1. e4 c5 2. Nf3 d6 3. d4 cxd4 4. Nxd4 Nf6 5. f3 a6 6. c4 Nc6 7. Be3 e6 8. Nc3 Be7 9. Be2 0-0 10. 0-0 Bd7 11. Qd2 Nxd4 12. Bxd4 Bc6 13. Rfd1 e5 14. Be3 Rc8 15. b4 Qc7 16. a4 Bd7 17. a5 Be6 18. Na4 Nd7 19. Rac1 f5 20. exf5 Rxf5 21. Bd3 Rf7 22. Be4 Nf6 23. Nb6 Nxe4 24. fxe4 Rcf8 25. Nd5 Bxd5 26. Qxd5 Kh8 27. c5 dxc5 28. Bxc5 Rd8 29. Qb3 Bxc5+ 30. Rxc5 Rxd1+ 31. Qxd1 Qe7 32. Rxe5 Qxb4 33. Rd5 h6 34. e5 Qe4 35. Rd8+ Kh7 36. Qd3 Qxd3 37. Rxd3 Re7 38. Re3 Kg6 39. g4 Kg5 40. h3 Kf4 41. Kf2 Rxe5 42. Rf3+ Kg5 43. Rf7 g6 44. Rxb7 Rxa5 45. Rb6 Ra2+ 46. Kg3 Ra3+ 47. Kg2 a5 48. Ra6 a4 49. Kh2 Kh4 50. Kg2 Ra2+ 51. Kf3 Ra3+ 52. Kg2 Kg5 53. h4+ Kxg4 54. Rxg6+ Kxh4 55. Rxh6+ Kg5 56. Rh1 Kf4 57. Rh4+ Ke5 58. Rh1 Kd4 59. Rh4+ Kc3 60. Kf2 Ra1 61. Rh3+ Kb2 62. Ke2 a3 63. Kd2 Rg1 64. Rh8 a2 65. Rb8+ Ka3 66. Ra8+ Kb3 67. Rb8+ Kc4 68. Rc8+ Kd5 69. Rd8+ Kc6 70. Rc8+ Kd7 71. Ra8 a1Q 72. Rxa1 Rxa1 73. Kc2 Ra3 74. Kb2 Rh3 75. Kc1 Ke6 76. Kd1 Kf5 77. Ke1 Kf4 78. Kd1 Re3 79. Kc1 Ke4 80. Kd1 Kd4 81. Kc2 Rd3 82. Kb2 Re3 83. Kc2 Rd3 84. Kb2 Rc3 85. Ka2 Kc5 86. Kb2 Kb4 87. Ka2 Rc2+ 88. Kb1 Kb3 89. Ka1 Rc1# 0-1

[Event "Cutro op-B 08th"]
[Site "Cutro"]
[Date "2002.04.29"]
[Round "7"]
[White "Todic, Simo"]
[Black "Morelli, Gaetano"]
[Result "1-0"]
[WhiteElo "1693"]
[BlackElo "1668"]
[PlyCount "83"]
[EventDate "2002.04.24"]
[EventType "swiss"]
[EventRounds "9"]
[EventCountry "ITA"]
[SourceTitle "EXT 2024"]
[Source "ChessBase"]
[SourceDate "2023.10.10"]
[SourceVersion "1"]
[SourceVersionDate "2023.10.10"]
[SourceQuality "1"]

1. e4 Nf6 2. e5 Nd5 3. d4 d6 4. Nf3 Bg4 5. h3 Bh5 6. Be2 e6 7. c4 Nb6 8. b3 dxe5 9. dxe5 Bb4+ 10. Bd2 Nc6 11. a3 Bxf3 12. Bxb4 Qd4 13. Bxf3 Qxa1 14. Bc3 Qa2 15. 0-0 Rd8 16. Nd2 Rd3 17. Qc1 Nd4 18. Bd1 0-0 19. Bxd4 Qxd2 20. Qxd2 Rxd2 21. Be3 Rd3 22. Bc2 Rc3 23. Rc1 Rxe3 24. fxe3 Rd8 25. c5 Nc8 26. Be4 b6 27. cxb6 cxb6 28. Rc7 Kf8 29. Kf2 Ne7 30. Rxa7 Nd5 31. b4 f5 32. exf6 Nxf6 33. Kf3 Rb8 34. Kf4 Rd8 35. Bc6 Rd3 36. e4 Rxa3 37. Ke5 Rd3 38. Kxe6 Rd8 39. e5 Ne8 40. Rf7+ Kg8 41. Ke7 Nd6 42. exd6 1-0

[Event "Cutro op-B 08th"]
[Site "Cutro"]
[Date "2002.04.27"]
[Round "4"]
[White "Leto, Marco"]
[Black "Todic, Simo"]
[Result "0-1"]
[WhiteElo "1639"]
[BlackElo "1693"]
[PlyCount "90"]
[EventDate "2002.04.24"]
[EventType "swiss"]
[EventRounds "9"]
[EventCountry "ITA"]
[SourceTitle "EXT 2024"]
[Source "ChessBase"]
[SourceDate "2023.10.10"]
[SourceVersion "1"]
[SourceVersionDate "2023.10.10"]
[SourceQuality "1"]

1. d4 d5 2. c4 dxc4 3. Nf3 c6 4. Nc3 Nd7 5. a4 b6 6. e3 e6 7. Bxc4 Bb4 8. 0-0 Ngf6 9. Qc2 0-0 10. e4 Bb7 11. Bd3 g6 12. Bg5 Be7 13. e5 Nd5 14. Bxe7 Qxe7 15. Ne4 Nb4 16. Qd2 Nxd3 17. Qxd3 c5 18. dxc5 Bxe4 19. Qxe4 Nxc5 20. Qe3 Rad8 21. Qh6 f6 22. a5 Nb3 23. Ra4 Nxa5 24. exf6 Rxf6 25. Qg5 Rd5 26. Qh4 Rf7 27. Qe4 Nb3 28. Qg4 Qd7 29. Re4 Rxf3 30. gxf3 Nd2 31. Qxe6+ Qxe6 32. Rxe6 Rg5+ 33. Kh1 Nxf1 34. Rd6 Nxh2 35. Kxh2 Rf5 36. Rd8+ Kg7 37. Kg3 a5 38. f4 h5 39. Rd4 Rb5 40. Rd2 Kf6 41. f3 Ke6 42. Kh4 Kf5 43. Kg3 h4+ 44. Kxh4 Kxf4 45. Rf2 Rh5# 0-1

[Event "Cutro op-B 08th"]
[Site "Cutro"]
[Date "2002.04.26"]
[Round "3"]
[White "Todic, Simo"]
[Black "Sautto, Alessandra"]
[Result "1-0"]
[WhiteElo "1693"]
[BlackElo "1686"]
[PlyCount "41"]
[EventDate "2002.04.24"]
[EventType "swiss"]
[EventRounds "9"]
[EventCountry "ITA"]
[SourceTitle "EXT 2024"]
[Source "ChessBase"]
[SourceDate "2023.10.10"]
[SourceVersion "1"]
[SourceVersionDate "2023.10.10"]
[SourceQuality "1"]

1. e4 e6 2. d4 d5 3. Nc3 Bb4 4. e5 c5 5. a3 Bxc3+ 6. bxc3 Ne7 7. Qg4 0-0 8. Bg5 Nbc6 9. Bf6 g6 10. Qg5 Qa5 11. Ne2 Nf5 12. g4 h6 13. Qd2 Ncxd4 14. cxd4 Qxd2+ 15. Kxd2 Nxd4 16. Nxd4 cxd4 17. Rb1 b6 18. Bd3 Bb7 19. h4 Rfc8 20. f4 Kf8 21. h5 1-0

[Event "Porto Sant Elpidio op 4th"]
[Site "Porto Sant Elpidio"]
[Date "2001.11.03"]
[Round "4"]
[White "Fratini, Mauro"]
[Black "Todic, Simo"]
[Result "0-1"]
[WhiteElo "1455"]
[BlackElo "1645"]
[PlyCount "103"]
[EventDate "2001.11.01"]
[EventType "swiss"]
[EventRounds "6"]
[EventCountry "ITA"]
[SourceTitle "EXT 2024"]
[Source "ChessBase"]
[SourceDate "2023.10.10"]
[SourceVersion "1"]
[SourceVersionDate "2023.10.10"]
[SourceQuality "1"]

1. d4 e6 2. Nf3 Nf6 3. Bf4 c5 4. e3 Nc6 5. c3 Be7 6. Nbd2 Nh5 7. Bg3 Nxg3 8. hxg3 d5 9. Bd3 g6 10. Nh2 e5 11. dxe5 Nxe5 12. Be2 Qb6 13. b3 Be6 14. 0-0 0-0 15. Nhf3 Ng4 16. Ne1 h5 17. Bxg4 Bxg4 18. Ndf3 Rad8 19. Nd3 Bf6 20. Qd2 Rfe8 21. Nh2 d4 22. Nxg4 hxg4 23. exd4 cxd4 24. c4 Re4 25. Rfe1 Rde8 26. Rxe4 Rxe4 27. Re1 Qe6 28. Kf1 Qf5 29. Rxe4 Qxe4 30. Qe2 Qf5 31. f3 Kf8 32. Qe4 Qxe4 33. fxe4 Ke7 34. Ke2 b6 35. Nf2 Be5 36. Nxg4 Bxg3 37. e5 Ke6 38. Kd3 Bxe5 39. Nf2 f5 40. Ke2 g5 41. b4 Bd6 42. a3 Ke5 43. g4 fxg4 44. Nxg4+ Kf4 45. Nf2 g4 46. Nd3+ Kg3 47. c5 bxc5 48. bxc5 Bc7 49. Nb4 Kh2 50. c6 g3 51. Nc2 g2 52. Ne1 0-1

[Event "Padova op-B 2nd"]
[Site "Padova"]
[Date "1999.12.18"]
[Round "4.15"]
[White "Todic, Simo"]
[Black "Cecchetto, Vanni"]
[Result "0-1"]
[WhiteElo "1699"]
[BlackElo "1594"]
[PlyCount "63"]
[EventDate "1999.12.11"]
[EventType "swiss"]
[EventRounds "6"]
[EventCountry "ITA"]
[SourceTitle "EXT 2024"]
[Source "ChessBase"]
[SourceDate "2023.10.10"]
[SourceVersion "1"]
[SourceVersionDate "2023.10.10"]
[SourceQuality "1"]

1. e4 c5 2. Nf3 Nc6 3. d4 cxd4 4. Nxd4 Nf6 5. Nc3 e5 6. Ndb5 d6 7. Bg5 a6 8. Na3 b5 9. Nd5 Be7 10. Nxe7 Nxe7 11. Bd3 Qb6 12. h3 Be6 13. 0-0 Rc8 14. c3 d5 15. Bxf6 gxf6 16. Qf3 dxe4 17. Qxf6 Rg8 18. Bxe4 Rc6 19. Qh4 Nd5 20. Rad1 Rd6 21. c4 Nf4 22. Kh2 bxc4 23. g4 Nd3 24. Qxh7 Rg5 25. Qh8+ Kd7 26. Qf6 Rg6 27. Bxg6 fxg6 28. Qxg6 Qxb2 29. Rb1 Qxa3 30. Rb8 Kc6 31. Rfb1 Kd5 32. Qe4+ 0-1

[Event "Padova op-B 2nd"]
[Site "Padova"]
[Date "1999.12.12"]
[Round "3.19"]
[White "Spinoso, Giovanni"]
[Black "Todic, Simo"]
[Result "0-1"]
[WhiteElo "1500"]
[BlackElo "1699"]
[PlyCount "116"]
[EventDate "1999.12.11"]
[EventType "swiss"]
[EventRounds "6"]
[EventCountry "ITA"]
[SourceTitle "EXT 2024"]
[Source "ChessBase"]
[SourceDate "2023.10.10"]
[SourceVersion "1"]
[SourceVersionDate "2023.10.10"]
[SourceQuality "1"]

1. e4 c5 2. Nc3 Nc6 3. g3 d6 4. Bg2 Nf6 5. d3 g6 6. Be3 Bg7 7. Nge2 a6 8. Qd2 Ng4 9. f4 Nxe3 10. Qxe3 e6 11. e5 Qc7 12. Bxc6+ Qxc6 13. 0-0-0 d5 14. d4 c4 15. Rhe1 b5 16. a3 a5 17. Na2 Rb8 18. c3 Bf8 19. Qd2 b4 20. axb4 axb4 21. cxb4 Qa4 22. Nec3 Qb3 23. Qc2 Ra8 24. Kd2 Rxa2 25. Qxb3 cxb3 26. Nxa2 bxa2 27. Re3 Bxb4+ 28. Rc3 Bd7 29. Ra1 Ke7 30. Rxa2 Bxc3+ 31. Kxc3 Rc8+ 32. Kd2 Rc4 33. Ke3 Rc2 34. h4 h5 35. Kf3 Bb5 36. Ra7+ Kf8 37. b4 Rb2 38. Ke3 Rxb4 39. Ra8+ Kg7 40. Rb8 Rb3+ 41. Kf2 Bc4 42. Rxb3 Bxb3 43. Kf3 Kf8 44. Ke3 Ke7 45. Kd3 Kd7 46. Kc3 Bc4 47. Kb4 Kc6 48. Ka5 Kb7 49. Kb4 Kb6 50. Kc3 Kb5 51. Kd2 Kb4 52. Ke3 Kc3 53. Kf3 Kxd4 54. g4 Be2+ 55. Kxe2 hxg4 56. Kf2 Ke4 57. Kg3 d4 58. Kxg4 d3 0-1

[Event "Gubbio op-B"]
[Site "Gubbio"]
[Date "1999.??.??"]
[Round "1"]
[White "Celestini, Mauro"]
[Black "Todic, Simo"]
[Result "0-1"]
[WhiteElo "2155"]
[BlackElo "1695"]
[PlyCount "82"]
[EventDate "1999.??.??"]
[EventType "swiss"]
[EventRounds "7"]
[EventCountry "ITA"]
[SourceTitle "EXT 2005"]
[Source "ChessBase"]
[SourceDate "2004.11.15"]
[SourceVersion "1"]
[SourceVersionDate "2004.11.15"]
[SourceQuality "1"]

1. d4 d5 2. c4 dxc4 3. Nc3 c6 4. e4 b5 5. a3 e6 6. Nf3 Bb7 7. Be2 Nf6 8. Bg5 Be7 9. 0-0 Nbd7 10. Nd2 a6 11. e5 Nd5 12. Bxe7 Qxe7 13. Nde4 0-0 14. Nxd5 exd5 15. Nd6 Nb6 16. f4 Nc8 17. Nxb7 Qxb7 18. Rc1 Qe7 19. Bf3 Nb6 20. f5 c5 21. Qd2 Rfe8 22. e6 fxe6 23. fxe6 cxd4 24. Qxd4 Qxe6 25. Rce1 Qd6 26. Rd1 Re5 27. Rf2 Rae8 28. Rdf1 Nd7 29. Rd1 Nf6 30. Rfd2 Re1+ 31. Rxe1 Rxe1+ 32. Kf2 Re5 33. Kg1 Qe6 34. Kf2 Qf5 35. g4 Qg5 36. Kg3 Nh5+ 37. Kh3 Nf6 38. Rd1 Qe3 39. Kg2 Qxd4 40. Rxd4 Kf7 41. Kf2 Ke6 0-1